Представление документа в формате RUSMARC

Поле Инд. ПП Название Значение
Тип записи a
Библиографический уровень a
001 Контрольный номер 49c73afe2bc64629918e50db278c13d9
005 Дата корректировки 20181126143934.4
100 a Данные общей обработки 20181126 ||| 0rusy0189 ca
101 0_ a Язык текста rus
102 a Страна публикации RU
200 1_ f Первые сведения об ответственности Д.Е. Зайков
a Заглавие Судебные расходы: новые подходы и новые проблемы
b Общее обозначение материала Текст
210 1_ d Дата издания 2017
461 _0 1 2000
a Администратор суда
463 _0 1 2000
a № 2
v С. 29-33
1 2101
d 2017
1 00125a472be7aba4caea50a84cc318b7973
606 a Основная рубрика Гражданское процессуальное право
610 0_ a Ключевые слова АРБИТРАЖНЫЙ ПРОЦЕСС
a Ключевые слова СУДЕБНЫЕ РАСХОДЫ
700 _1 a Фамилия Зайков
b Имя Д.Е.
801 _0 a Страна RU
b Организация РГУП
c Дата составления 20181126
g Правила каталогизации PSBO
801 _1 a Страна RU
b Организация РГУП
c Дата составления 20181126
g Правила каталогизации PSBO
901 t Тип документа b
w Контрольный № источника 25a472be7aba4caea50a84cc318b7973
905 a Дата ввода 20181126